000 00665nam a22002417a 4500
003 UA-OsUOA
001 134407
007 ta
008 20181203b un ||||| |||| 00| 0 ukr d
100 _aКаніщенко О. Л.
090 _a658.8(075.8)
_bК19
942 _cBK
040 _aUA-OsUOA
_bukr
_cUA-OsUOA
_dUA-OsUOA
245 _aМіжнародний маркетинг
_bпідручник
300 _a480 с.
955 _a2
041 _aukr
080 _a658.8(075.8)
020 _a978-966-439-906-4
260 _aК.
_bВПЦ КУ
_c2016
650 7 _a339.1 Загальні питання торгівлі. Ринок
_2UDC
999 _c423277
_d423277